00824nam a22002057a 450000500170000001000150001702000260003203500140005803700090007208200080008110000330008924501290012226000510025127001030030230000200040570000260042594200220045199900190047395201260049220241106154848.0 aENG-142590 c140.00a9789390790968 aEN-126122 bDBAD a425 aChakkanattu, Dr. Raju973763 aLanguage Trends (Volume 3)/cBy Raju ChakkanattubA Study on the Language Trends of Higher Secondary School Youth in Kerala aKozhikodebPavantma Publishers Pvt. Ltd.c2021 bKozhikodeaParayanchery, Kuthiravattam (P.O.)e673016matmabooks@gmail.comk9746077500, 9746440800 a454p.c21cm(Pb) aSrikumar, A.K.973758 2ddccENh425mCHA c206914d206914 001040708NFICaBNbBNd2024-11-06eDBADg140.00l0o425 CHApEN-126122r2024-11-06 00:00:00t1v140.00w2024-11-06yEN